| 000 | 00988nam a22001457a 4500 | ||
|---|---|---|---|
| 008 | 110823t xxu||||| |||| 00| 0 eng d | ||
| 050 | _aHB171.5 .F696 | ||
| 100 |
_aFoster, Edward _q Edward Foster |
||
| 245 |
_aEconomics: an introductory program. _c Edward Foster |
||
| 260 |
_aNew York _b McGraw-Hill _c[1970] |
||
| 300 |
_axv, 379 p. _c26 cm |
||
| 505 | _aContents: Fundamentals: The Fundamental economic problems of scarcity -- The Wealth of nationas and the role of markets -- Supply and demand -- National income statistics -- The Theory of Income determination -- The Multiplier and fiscal policy -- The Banking system and the money supply -- The Federal reserve system and monetary policy -- Microeconomics: Supply and demand revisited -- The Theory of demand -- Competitive supply cost -- Supply under imperfect competition -- Production and factor markets -- The Market system and resource alllocation -- Glossary | ||
| 650 |
_aEconomics _xProgrammed instruction |
||
| 942 |
_2lcc _cBK |
||
| 999 |
_c31 _d7531 |
||